Aplikačná platforma

Guardado en:
Detalles Bibliográficos
Autor principal: Kubík, Michal (Autor)
Otros Autores: Bittera, Mikuláš (Orientador)
Formato: Manuscrito Libro
Lenguaje:eslovaco
Publicado: 2019
Materias:
Acceso en línea:http://is.stuba.sk/zp/portal_zp.pl?podrobnosti=151143
Etiquetas: Agregar Etiqueta
Sin Etiquetas, Sea el primero en etiquetar este registro!

MARC

LEADER 00000ntm a22000003a 4500
001 stuzp72488
003 SK-STU
005 20190719111800.2
007 ta
008 150427s2015----xo-----f-mn---000-0-slo-d
040 |a STU  |b slo 
041 0 |a slo 
044 |a xo 
100 1 |a Kubík, Michal  |u 034000  |4 aut  |U FEI Fakulta elektrotechniky a informatiky  |T FEI Ústav elektrotechniky  |X 98948  |U E040  |Y 550  |7 98948 
242 0 1 |a Application platform  |y eng 
245 1 0 |a Aplikačná platforma 
260 |c 2019 
300 |a 35 s.,  |b CD-ROM 
650 4 |a Aplikačná platforma  |2 slo 
650 4 |a Industry 4.0  |2 slo 
650 4 |a Brose  |2 slo 
650 4 |a Application platform  |2 eng 
650 4 |a Industry 4.0  |2 eng 
650 4 |a Brose  |2 eng 
700 1 |a Bittera, Mikuláš  |u 034000  |k Z1  |4 ths  |U FEI Fakulta elektrotechniky a informatiky  |T FEI Ústav elektrotechniky  |X 1777  |U E040  |Y 550  |7 A000001777 
856 4 |u http://is.stuba.sk/zp/portal_zp.pl?podrobnosti=151143 
996 |b 284ER02927  |c E*Bc- 2927  |l EE34  |s P  |a 0  |w stuzp72488_0001